|
|
|
|
| LEADER |
00934nam a22002297a 4500 |
| 001 |
16847 |
| 003 |
BD-DhAAL |
| 005 |
20141107103435.0 |
| 008 |
141107s2005 bg a|||| |||| 00| 0 eng d |
| 020 |
|
|
|a 9848360011X
|
| 040 |
|
|
|a BD-DhAAL
|c BD-DhAAL
|
| 082 |
|
|
|2 22
|a 658.4/092
|
| 100 |
|
|
|a খান, মো: আনছার আলী
|9 5927
|
| 245 |
|
|
|a সফল নির্বাহী /
|c মো: আনছার আলী খান
|
| 246 |
|
|
|a Effective executive
|
| 260 |
|
|
|a ঢাকা :
|b এ এইচ ডেভেলপমেন্ট পাবলিশিং হাউস,
|c ২০০৫
|
| 300 |
|
|
|a ৯৩ পৃ. :
|b চিত্র ;
|c ২২ সে. মি.
|
| 541 |
|
|
|e 16847
|
| 650 |
|
|
|a Executives
|x Leadership
|x Management
|9 5928
|
| 942 |
|
|
|2 ddc
|c BK
|
| 999 |
|
|
|c 33007
|d 33007
|
| 952 |
|
|
|0 0
|1 0
|2 ddc
|4 0
|6 658_409200000000000_KHA
|7 0
|9 43984
|a IGS
|b IGS
|c GEN
|d 2014-11-07
|l 0
|o 658.4092 KHA
|p 3010016847
|r 2014-11-07
|t 1
|w 2014-11-07
|y BK
|